Artist as Professional in Japan (Record no. 1319265)
[ view plain ]
| 000 -LEADER | |
|---|---|
| fixed length control field | 00573nam a2200193Ia 4500 |
| 005 - DATE AND TIME OF LATEST TRANSACTION | |
| control field | 20250507130350.0 |
| 008 - FIXED-LENGTH DATA ELEMENTS--GENERAL INFORMATION | |
| fixed length control field | 008 250505s9999 xx 000 0 eng d |
| 020 ## - INTERNATIONAL STANDARD BOOK NUMBER | |
| International Standard Book Number | 0-8047-4355-X; 9780804743556 |
| 037 ## - SOURCE OF ACQUISITION | |
| Stock number | Annuals, Advances |
| 040 ## - CATALOGING SOURCE | |
| Original cataloging agency | EASL |
| Language of cataloging | eng |
| Transcribing agency | EASL |
| 041 ## - LANGUAGE CODE | |
| Language code of text/sound track or separate title | eng |
| Source of code | eng |
| 084 ## - COLON CLASSIFICATION NUMBER | |
| Classification number | N42w, P4 |
| Assigning agency | EASL |
| 100 ## - MAIN ENTRY--PERSONAL NAME | |
| Personal name | Takeuchi Melinda Ed. |
| 9 (RLIN) | 665353 |
| 245 #0 - TITLE STATEMENT | |
| Title | Artist as Professional in Japan |
| 260 ## - PUBLICATION, DISTRIBUTION, ETC. | |
| Place of publication, distribution, etc. | USA |
| Name of publisher, distributor, etc. | Stanford Stanford University |
| Date of publication, distribution, etc. | 2004 |
| 300 ## - PHYSICAL DESCRIPTION | |
| Extent | xvi,262p. |
| 942 ## - ADDED ENTRY ELEMENTS (KOHA) | |
| Koha item type | Textual |
| Classification part | N42w, P4 |
No items available.
